000 00420nam a2200145 a 4500
001 000038392
005 20201002031239.0
008 130410s1971 dr 000 0 spa d
040 _aDO-SdBNP
_bspa
_cBNPHU
110 1 _aRepública Dominicana
_9447
240 1 0 _a[Leyes, etc.]
245 1 0 _aLey de registro de tierras con sus modificaciones.
260 _aSanto Domingo :
_bCaribe ,
_c1971.
300 _a116 p. : ;
_c22 cm.
999 _c37882
_d37882